| 000 | 04703nab a2200289 i 4500 | ||
|---|---|---|---|
| 003 | BR-BrBNA | ||
| 005 | 20240527150753.0 | ||
| 008 | 240527b2019 bl.qr|pooa||| 00| 0 por | | ||
| 040 |
_aBR-BrBNA _bpor |
||
| 072 | _aP34 | ||
| 100 | _aLattuada, Daiane Silva | ||
| 100 | _aRieth, Sandra | ||
| 100 | _aBack, Marina Martinello | ||
| 100 | _aSouza, Paulo Vitor Dutra de | ||
| 245 | _aInteração entre endomicorrizas e frutíferas nativas (Myrtaceae) no Rio Grande do Sul | ||
| 500 | _aPublicação on-line; 27 ref.; 2 tables; 1 illus.; Summaries (En, Pt) | ||
| 520 | _a Resumo A interação entre espécies vegetais e micorrizas arbusculares (MA) favorece o desenvolvimento de mudas. Para verificar esta interação conduziu-se estudo, em duas etapas, entre três espécies de micorrizas arbusculares (Glomus etunicatum, Gigaspora margarita e Scutellospora heterogama), além de uma testemunha e três espécies de Myrtaceae nativas no Sul do Brasil: Eugenia pyriformis Cambess, Myrcianthes pungens (O. Berg) D. Legrand) e Psidium cattleyanum Sabine na produção de mudas. Na etapa de sementeira, sementes das espécies vegetais foram semeadas em bandejas multicelulares, preenchidas com substrato autoclavado e 1 g de inóculo/célula de cada espécie de MA estudada. Nesta etapa avaliaram-se a emergência e o desenvolvimento inicial das plântulas (altura e número de folhas por muda), aos 125 dias após a semeadura. Na etapa de viveiro, as mudas foram transplantadas para sacos de polietileno preto (5 L), contendo substrato comercial desinfestado. 480 dias após o transplante, avaliaram-se o desenvolvimento vegetativo das plantas e a colonização pelas MAs nas raízes. Na fase de sementeira, as MAs colonizaram as raízes, mas não alteraram emergência e desenvolvimento inicial das plântulas. Após o transplante para recipientes maiores todas as espécies de MAs foram eficientes quando comparadas à testemunha, proporcionando incrementos médios na ordem de 135% na altura, 195% no número de folhas, 299% no número de brotações e 209% na área foliar. Os resultados confirmam a efetiva simbiose entre as espécies florestais e as endomicorrizas estudadas. Palavras-chave: Frutíferas nativas; Fungo micorrízico arbuscular; Viveiro florestal | ||
| 520 | _a Abstract The interaction between plant species and endomycorrhizas (AM) favors the development of seedlings. In order to verify this interaction, it was developed a two-step research about of three species of arbuscular mycorrhizas (Glomus etunicatum, Gigaspora margarita and Scutellospora heterogama), as well as one control and three native Myrtaceae species in southern Brazil: Eugenia pyriformis Cambess, Myrcianthes pungens (O. Berg) D. Legrand) and Psidium cattleyanum Sabine in the production of seedlings. In the sowing stage, seeds of the plant species were sown in multicellular trays, filled with autoclaved substrate and 1 g of inoculum/cell containing each AM species studied. In this stage the emergence and initial development of the seedlings (height and number of leaves per seedling) were evaluated at 125 days after sowing. In the nursery stage, seedlings were transplanted to black polyethylene bags (5 L) containing disinfested commercial substrate, 480 days after transplantation, the vegetative development of the plants was evaluated colonization by the AMs in the roots. In the sowing phase, the AM colonized the roots, but did not alter the emergence and initial development of the seedlings. After transplantation to larger containers all AM species presented better performance when compared to the control, providing mean increments in the order of 135% for height, 195% for number of leaves, 299% for number of shoots and 209% for leaf area. Indicating the efficiency of the AMs in development acceleration of the plants and therefore the effective symbiosis between the forest species and the endomycorrhiza studied. Keywords: Native fruit trees; Arbuscular mycorrhizal fungi; Forest nursery | ||
| 650 | _aÁRVORE FRUTÍFERA | ||
| 650 | _aESPÉCIE NATIVA | ||
| 650 | _aMICORRIZA VESICULAR ARBUSCULAR | ||
| 650 | _aVIVEIRO FLORESTAL | ||
| 773 | 0 |
_04065 _9314613 _dSanta Maria-RS Universidade Federal de Santa Maria - Centro de Pesquisas Florestais.Departamento de Ciências Florestais. Programa de Pós-Graduação em Engenharia Florestal 1991 _o2024-0865 _tCiência Florestal (Brazil) _x0103-9954; 1980-5098 (on-line) _gv. 29(4) p. 1726-1736; (Oct-Dec 2019) _wBR2023001715 |
|
| 856 | _uhttps://www.scielo.br/j/cflo/a/K64qQ5Lbpqqsb6dw3SMZmyy/?format=pdf&lang=pt | ||
| 942 | _cAnalítica | ||
| 999 |
_c299796 _d299796 |
||